000 00319nam a2200109 4500
999 _c9636
_d9636
008 180712b ||||| |||| 00| 0 eng d
245 _aStudents fleeing Marawi can be Makati scholars.
260 _aPhilippines
_bPhilippine Daily Inquirer
_cc2017
300 _apage A17.
650 0 _928580
_aScholarship.
942 _2ddc
_cPER